000 00944nam a22002657a 4500
999 _c315
_d315
001 002104
003 CoMeUDC002104
005 20181205173735.0
008 070619s2007 ck r 000 0 spa d
020 _a9587101286
040 _aCO-BoUEX
_cCoMeUDC
092 0 4 _a332.4
_bS586c
100 1 0 _aSilva Avendaño, Catalina
245 0 _aCorrección monetaria de obligaciones dinerarias /
_cCatalina Silva Avendaño
260 _aBogotá :
_bUniversidad Externado de Colombia,
_c2007
300 _a316 p.
440 _aTesis de grado
_v; 46.
500 _aIncluye índice de Jurisprudencia
504 _aIncluye bibliografía
505 _aDesvalorización monetaria. Concepto y relevancia. Aplicación judicial de la corrección monetaria. Evolución y desaciertos. Conclusiones.
650 7 _aCORRECCION MONETARIA
_xASPECTOS JURIDICOS
_zCOLOMBIA
650 7 _aMONEDA
_xVALORIZACION
650 7 _aInflación
_zCOLOMBIA
942 _2ddc
_cBK